000 00981nam a2200277Ia 4500
001 Para_10387
003 CHAP
008 220125sAbri xx 000 0 und d
010 _a209144
040 _cCHAP
090 _aPA CD - TESIS 413
100 _aAcevedo de la Portilla, Vicente
_9129389
245 _aIdentificación de las especies de chapulines (Orthoptera) en el lago de Texcoco /
_c Acevedo de la Portilla, Vicente; Director José Tulio Méndez Montiel
260 _aChapingo, Méx. :
_b el autor
300 _a1 CDS ROM (47 p.)
502 _aTesis (Ing. Agr. Esp. en Parasitología Agrícola). UACh. Departamento Parasitología Agrícola
700 _aMéndez Montiel, José Tulio. Director
_9175098
710 _aUACh Departamento Parasitología Agrícola
901 _aPA CD - TESIS 413
902 _aM
905 _a513220Abril, 2015 anb 8100000000 06
910 _aAbri
942 _cPARA
942 _cPARA
_d2
999 _c209144
_d209144